[Event "Morava-ch U14"]
[Site "Loucna nad Desnou"]
[Date "2017.10.26"]
[Round "5"]
[White "Slachta, Jan"]
[Black "Grcek, Tomas"]
[Result "1-0"]
[WhiteElo "1504"]
[BlackElo "1224"]
[PlyCount "57"]
[EventDate "2017.10.24"]
[EventType "swiss"]
[EventRounds "9"]
[EventCountry "CZE"]
[SourceTitle "EXT 2020"]
[Source "ChessBase"]
[SourceDate "2019.10.17"]
[SourceVersion "1"]
[SourceVersionDate "2019.10.17"]
[SourceQuality "1"]

1. e4 e5 2. Nf3 Nc6 3. Bb5 Bc5 4. 0-0 Nge7 5. c3 0-0 6. h3 a6 7. Ba4 b5 8. Bb3 d5 9. exd5 Nxd5 10. d3 Bf5 11. Re1 Re8 12. Bc2 Qd6 13. Nbd2 Nf4 14. Ne4 Bxe4 15. dxe4 Rad8 16. Bxf4 exf4 17. Bb3 Ne5 18. Qxd6 Nxf3+ 19. gxf3 Rxd6 20. Rad1 Rh6 21. Rd7 Rf8 22. Rxc7 Bb6 23. Rb7 Bc5 24. Rd1 Rxh3 25. Rd5 Rc8 26. Rxf7 Rg3+ 27. Kf1 Rg6 28. Rxc5 Rxc5 29. Rf5+ 1-0